Personality as predictor of problematic use of inline games (Record no. 393628)

MARC details
000 -LEADER
fixed length control field 00498nam a22001817a 4500
005 - DATE & TIME
control field 20251023114752.0
008 - FIXED-LENGTH DATA ELEMENTS--GENERAL INFORMATION
fixed length control field 251023b |||||||| |||| 00| 0 eng d
040 ## - CATALOGING SOURCE
Original cataloging agency VIVEKANANDA LIBRARY
082 ## - DDC NUMBER
Classification number 155.2
Book Number R137P
100 ## - MAIN ENTRY--PERSONAL NAME
Personal name Rajani
245 ## - TITLE STATEMENT
Title Personality as predictor of problematic use of inline games
260 ## - PUBLICATION, DISTRIBUTION, ETC. (IMPRINT)
Name of publisher, distributor, etc Department of Psychology, M D University, Rohtak
Date of publication, distribution, etc 2025
300 ## - PHYSICAL DESCRIPTION
Pages ix, 145
650 ## - Subject
Subject Psychology
650 ## - Subject
Subject Personality Development
700 ## - Added Entry Personal Name
Added Entry Personal Name Malik, Sonia
942 ## - ADDED ENTRY ELEMENTS (KOHA)
Koha item type Thesis
Holdings
Withdrawn status Lost status Source of classification or shelving scheme Damaged status Not for loan Location (home branch) Sublocation or collection (holding branch) Shelving location Date acquired Koha issues (times borrowed) Koha full call number Accession No. Koha date last seen Copy number Koha item type
    Dewey Decimal Classification     VIVEKANANDA LIBRARY VIVEKANANDA LIBRARY Vivekananda Library 23/10/2025   155.2 R137P 411238 23/10/2025 R Thesis
© Designed and Maintained by Vivekananda Library, MDU Rohtak